Toussaint Louverture : (Record no. 53265)

MARC details
000 -LEADER
fixed length control field 00693nam a2200241Ia 4500
005 - DATE AND TIME OF LATEST TRANSACTION
control field 20260429112257.0
008 - FIXED-LENGTH DATA ELEMENTS--GENERAL INFORMATION
fixed length control field 260429s9999||||xx |||||||||||||| ||und||
020 ## - INTERNATIONAL STANDARD BOOK NUMBER
International Standard Book Number 9781509559381
041 ## - LANGUAGE CODE
Language English
082 ## - DEWEY DECIMAL CLASSIFICATION NUMBER
Classification number 972.9403
Item number CES
100 ## - MAIN ENTRY--PERSONAL NAME
Personal name Cesaire, Aime
245 #0 - TITLE STATEMENT
Title Toussaint Louverture :
Remainder of title the French revolution and the colonial problem /
Statement of responsibility, etc Aime Cesaire
250 ## - EDITION STATEMENT
Edition statement 1st ed.
260 ## - PUBLICATION, DISTRIBUTION, ETC. (IMPRINT)
Place of publication, distribution, etc United Kingdom :
Name of publisher, distributor, etc Polity Press,
Date of publication, distribution, etc 2025.
300 ## - PHYSICAL DESCRIPTION
Extent xxii, 275 p.; pbk
440 ## - SERIES STATEMENT/ADDED ENTRY--TITLE
Title Critical south
650 ## - SUBJECT ADDED ENTRY--TOPICAL TERM
Topical term or geographic name as entry element French revolution
700 ## - ADDED ENTRY--PERSONAL NAME
Personal name Collis-Buthelezi, Victoria
700 ## - ADDED ENTRY--PERSONAL NAME
Personal name Nash, Kate
700 ## - ADDED ENTRY--PERSONAL NAME
Personal name Sabsay, Leticia
700 ## - ADDED ENTRY--PERSONAL NAME
Personal name Brizuela, Natalia
942 ## - ADDED ENTRY ELEMENTS (KOHA)
Koha item type Text Books
Holdings
Withdrawn status Lost status Damaged status Not for loan Collection code Home library Location Shelving location Date of Cataloging Source of acquisition Total Checkouts Full call number Barcode Date last seen Price effective from Koha item type
        Non-fiction CUTN Central Library CUTN Central Library History & Geography 29/04/2026 Segment Book Distributors, New Delhi - Invoice No. 71459 on 09-02-2026   972.9403 CES 58593 29/04/2026 29/04/2026 Text Books